The Oxford 5000 - Letter F - Translate from Polish to English - Statystyki

Ogólne statystyki
  • Ten quiz został rozwiązany 11 razy
  • Średni wynik to 26 z 79
Statystyki odpowiedzi
Polish Angielski % Poprawnych
sława fame
83%
fantazja, wyobraźnia, fantastyka fantasy
83%
śmiertelny, fatalny w skutkach fatal
67%
los, przeznaczenie fate
67%
feministyczny / feminista, feministka feminist
67%
fajerwerk, sztuczny ogień firework
67%
fiskalny, skarbowy fiscal
67%
zabraniać, zakazywać forbid
67%
obcokrajowiec, cudzoziemiec foreigner
67%
format format
67%
formacja, tworzenie (się), szyk formation
67%
formuła, wzór, przepis formula
67%
forum forum
67%
frustracja frustration
67%
pogrzeb funeral
67%
wściekły, bardzo zły furious
67%
materiał, tkanina, struktura (np. społeczeństwa) fabric
50%
bajeczny, wspaniały, fantastyczny fabulous
50%
blaknąć, zanikać, gasnąć fade
50%
strażak firefighter
50%
elastyczność flexibility
50%
płyn, ciecz fluid
50%
głupiec fool
50%
formułować, opracowywać (np. plan) formulate
50%
założyciel / założycielka founder
50%
szczerze mówiąc frankly
50%
sfrustrowany frustrated
50%
funkcjonalny functional
50%
zasadniczo, fundamentalnie fundamentally
50%
ułatwiać, umożliwiać facilitate
33%
nieudany, zakończony niepowodzeniem failed
33%
sprawiedliwość, bezstronność, uczciwość fairness
33%
fałszywy, sztuczny fake
33%
filmowiec, reżyser filmmaker
33%
filtr / filtrować filter
33%
wada, skaza, usterka flaw
33%
flota fleet
33%
prognoza / przewidywać, prognozować forecast
33%
dawniej, poprzednio formerly
33%
fundament, fundacja foundation
33%
ułamek, niewielka część fraction
33%
kruchy, delikatny fragile
33%
fragment, odłamek fragment
33%
częsty frequent
33%
frustrujący frustrating
33%
opłata za przejazd fare
17%
błonnik, włókno fiber
17%
grzywna, mandat / ukarać grzywną fine
17%
stanowczy, twardy, solidny firm
17%
stanowczo, mocno firmly
17%
smak, aromat flavor
17%
wadliwy, błędny (np. argument, plan) flawed
17%
ciało, mięso (ludzkie lub zwierzęce), miąższ flesh
17%
nadchodzący, zbliżający się, otwarty/skłonny do pomocy forthcoming
17%
mający szczęście, pomyślny fortunate
17%
skamieniałość fossil
17%
ramy (np. pojęciowe, prawne), szkielet, struktura framework
17%
franczyza, koncesja, prawo wyborcze franchise
17%
oszustwo, oszust fraud
17%
swobodnie, bez ograniczeń, dobrowolnie freely
17%
pełnoetatowy / na pełen etat full-time
17%
frakcja, odłam, stronnictwo faction
0%
wydział (na uczelni), kadra naukowa, zdolność faculty
0%
korzystny, przychylny favorable
0%
wyczyn, heroiczne dokonanie feat
0%
poważne przestępstwo, zbrodnia felony
0%
zaciekły, gwałtowny, srogi fierce
0%
broń palna firearm
0%
napad (np. śmiechu, złości, kaszlu), dopasowanie fit
0%
uciekać (przed czymś) flee
0%
kwitnąć, dobrze prosperować, rozwijać się flourish
0%
czuły, bardzo kogoś/coś lubiący fond
0%
materiał filmowy, nagranie z kamery footage
0%
fałszować (np. podpis), kuć (w metalu), budować (np. relacje) forge
0%
naprzód, dalej forth
0%
pielęgnować, sprzyjać (rozwojowi), wychowywać (nie swoje dziecko) foster
0%
student pierwszego roku, uczeń pierwszej klasy (w USA) freshman
0%
spełniać (np. warunki, marzenia), realizować fulfill
0%
zbieranie funduszy fundraising
0%
Nie znaleziono quizów pasujących do podanych kryteriów
Rozkład punktacji
Procent ludzi z każdym wynikiem
Percentyl według liczby udzielonych odpowiedzi
Twoja historia wyników
Nie rozwiązałeś tego quizu